000 00207nam a2200109Ia 4500
100 _aVARGAS GLENN.
942 _cBK
245 _aFACETING FOR AMATEURS.
260 _b#N/A
546 _aENGLISH
999 _c33574
_d33574